| 000 | 00529nam a2200193Ia 4500 | ||
|---|---|---|---|
| 005 | 20260516162242.0 | ||
| 008 | 260514s9999 xx 000 0 und d | ||
| 020 | _a9789390166923 | ||
| 041 | _aeng | ||
| 082 | _a294.4 HEG B2277 | ||
| 100 |
_aHegwald Julia A.B. _9217703 |
||
| 245 | _aJaina Tradition Of The Deccan: Shravanabelagola, Mudabidri, Karkala | ||
| 260 |
_bJaico Publishing House _aMumbai |
||
| 300 | _a128 | ||
| 500 | _aHT | ||
| 650 | _aHeritage Tourisum | ||
| 651 |
_aJainism religion _9217842 |
||
| 942 | _cBK | ||
| 999 |
_c370917 _d370917 |
||